Statistics for Name Every Fish Required for Final Fish in FFXIV

Click here to take the quiz!

General Stats

  • This quiz has been taken 81 times
  • The average score is 70 of 289

Answer Stats

Answer% Correct
The Ruby Dragon
88%
Cinder Surprise
80%
Ealad Skaan
78%
Lancetfish
77%
Sea Butterfly
73%
Bobgoblin Bass
72%
Warden of the Seven Hues
70%
Nepto Dragon
68%
Sidereal Whale
67%
Greater Serpent of Ronka
65%
Aquamaton
60%
Charibenet
58%
Stethacanthus
58%
Armor Fish
57%
Namitaro
55%
The Unconditional
55%
Mora Tecta
53%
Problematicus
53%
Kuno the Killer
50%
The Ondotaker
50%
Xenacanthus
50%
Ku'er
48%
Listracanthus
48%
Furcacauda
47%
Hyphalosaurus
47%
Mother of All Pancakes
47%
Snowy Parexus
45%
The Greatest Bream in the World
45%
The Salter
45%
The Vegetarian
45%
Armorer
43%
Opabinia
43%
Ambling Caltrop
42%
Basilosaurus Rex
42%
Fingers
42%
Shadeshifter
42%
The Matriarch
42%
Aster Trivi
40%
Endoceras
40%
Giant Takitaro
40%
Henodus Grandis
40%
Raimdellopterus
40%
Sweetheart
40%
Golden Pipira
38%
Lopoceras Elegans
38%
Madam Butterfly
38%
Nabaath Saw
38%
The Grinner
38%
Zalera
37%
Gharlichthys
37%
Maru Crab
37%
Moonlight Guppy
37%
Octomammoth
37%
Pearl Pipira
37%
Shonisaurus
37%
Durdina Fish
35%
Little Perykos
35%
Mayaman
35%
Priest of Yx'Lokwa
35%
Allagan Bladeshark
33%
Charon's Lantern
33%
Cupfish
33%
Deephaunt
33%
Helicoprion
33%
The Archbishop
33%
Diamond-eye
32%
Navigator's Brand
32%
The Assassin
32%
Basking Shark
30%
Celestial
30%
Eehs Fan
30%
Forbiddingway
30%
Imperial Goldfish
30%
Magic Carpet
30%
Ninja Betta
30%
Rimepike
30%
The Lord of Lords
30%
The Second One
30%
Browned Banana Eel
28%
Coelacanthus
28%
Dark Knight
28%
Hardhead Trout
28%
Meteor Survivor
28%
The Jaws of Undeath
28%
The Old Man in the Sea
28%
The Sinsteeped
28%
Void Bass
28%
Circuit Tilapia
27%
Drepanaspis
27%
Glimmerscale
27%
Ondo Sigh
27%
Pirate's Bane
27%
Steel Fan
27%
The Word of God
27%
Twitchbeard
27%
Vidofnir
27%
Vip Viper
27%
Aetherlouse
25%
Aetherolectric Guitarfish
25%
Carp Diem
25%
Crystal Pigeon
25%
Dammroen Herring
25%
Floating Boulder
25%
Giant Taimen
25%
Ignus Horn
25%
King of the Spring
25%
Mahar
25%
Paikiller
25%
Sunken Tome
25%
The Unforgiven
25%
Bishopfish
23%
Bombardfish
23%
Canavan
23%
Discobolus
23%
Goldenfin
23%
Helmsman's Hand
23%
Hippo Frog
23%
Magicked Mushroom
23%
Python Discus
23%
Riddle
23%
Silver Sovereign
23%
The Horned King
23%
The Thousand-year Itch
23%
Wakeful Warden
23%
Bondsplitter
22%
Captain Nemo
22%
Catastrophizer
22%
Chlorophos Deathworm
22%
Duskfish
22%
Faerie Queen
22%
Inkfish
22%
Joan of Trout
22%
Lale Crab
22%
Loose Pendant
22%
Mirrorscale
22%
Princess Killifish
22%
Spearnose
22%
Stormdancer
22%
Syldra
22%
The Drowned Sniper
22%
The Gobfather
22%
The Sound of Fury
22%
The Warden's Wand
22%
Bloodchaser
20%
Disappirarucu
20%
Earful
20%
Flarefish
20%
Frozen Regotoise
20%
Gilt Dermogenys
20%
Levinlight
20%
Moggle Mogpom
20%
Seven Stars
20%
Sovereign Shadow
20%
Steel Razor
20%
Sweetnewt
20%
Aetherochemical Compound #666
18%
Argonauta argo
18%
E.B.E.-852738
18%
Fat Purse
18%
Frilled Shark
18%
Iron Noose
18%
Jacques the Snipper
18%
Judgeray
18%
Junkmonger
18%
Old Softie
18%
Planetes
18%
Rising Dragon
18%
Scaleripper
18%
Son of Levin
18%
Starscryer
18%
Suiten Ippeki
18%
The Captain's Chalice
18%
Aphotic Pirarucu
17%
Bloodbath
17%
Ghost Carp
17%
Gigantshark
17%
Gold Hammer
17%
Hraesvelgr's Tear
17%
Leannisg
17%
Olgoi-Khorkhoi
17%
Opal Shrimp
17%
Rakshasa
17%
Starscale Ephemeris
17%
The Sinker
17%
The Soul of the Martyr
17%
Vidyutvat Wrasse
17%
White Ronso
17%
Argonautica
15%
Blood Red Bonytongue
15%
Ceti
15%
Cornelia
15%
Cosmic Haze
15%
Hailfinder
15%
Hannibal
15%
Jumbo Snook
15%
Matron Carp
15%
Meteortoise
15%
Mossgill Salmon
15%
Nhaama's Treasure
15%
Onyx Knifefish
15%
Pinhead
15%
Seahag
15%
Starchaser
15%
Sylphsbane
15%
The Gambler
15%
The Green Jester
15%
The Speaker
15%
The Terpsichorean
15%
The Undecided
15%
Thunderscale
15%
Anomalocaris
13%
Antheian Dahlia
13%
Banderole
13%
Bigcuda
13%
Chirurgeon
13%
Dawn Maiden
13%
Foun Ahlm
13%
Hagoromo Bijin
13%
Hundred-eyed Axolotl
13%
Lily of the Veil
13%
Rivet Oyster
13%
Shark Tuna
13%
Slime King
13%
The Ewer King
13%
The Lone Ripper
13%
The Winter Queen
13%
Thundergut
13%
Bat-o'-Nine-Tails
12%
Blue Corpse
12%
Blue Widow
12%
Cirrostratus
12%
Crystal Perch
12%
Daniffen's Mark
12%
Darkstar
12%
Dimorphodon
12%
Dirty Herry
12%
Downstream Loach
12%
Greatsword Snook
12%
Hagoromo Koi
12%
Hookstealer
12%
La Reale
12%
Marrow Sucker
12%
Merciless
12%
Ndendecki
12%
Old Hollow Eyes
12%
Pomegranate Trout
12%
Recordkiller
12%
Shadowstreak
12%
Starbright
12%
Swampsucker Bowfin
12%
The Impaler
12%
The Unraveled Bow
12%
Thousand Fin
12%
Wootz Knifefish Zenith
12%
Worm of Nym
12%
Augmented High Allagan Helmet
10%
Beguiler Chub
10%
Blade Skipper
10%
Bloodtail Zombie
10%
Hermit's End
10%
High Perch
10%
Moldva
10%
Mud Golem
10%
The Dreamweaver
10%
Watcher Catfish
10%
Winged Dame
10%
Yat Khan
10%
Axelrod
8%
Black Jet
8%
Bloody Brewer
8%
Bokuden
8%
Bronze Sole
8%
Dream Goby
8%
Glarramundi
8%
Hemon
8%
Mud Pilgrim
8%
Sabertooth Cod
8%
Sapphire Fan
8%
Toramafish
8%
Corpse Chub
7%
Dark Ambusher
7%
Fae Rainbow
7%
Garden Skipper
7%
Great Gudgeon
7%
Moksha
7%
Twin-tongued Carp
7%
Caterwauler
5%
Oschon's Print
5%
The Last Tear
5%

Score Distribution

Percentile by Number Answered

Percent of People with Each Score

Your Score History

You have not taken this quiz